Catálogo público

Comparación de cuatro modelos matemáticos que representan la relación diámetro tocón - diámetro normal para Pinus patula Schl. et. Cham., en San Cayetano, Edo. de México (Record no. 50640)

MARC details
000 -CABECERA
campo de control de longitud fija 01294nam a22003617a 4500
003 - IDENTIFICADOR DEL NÚMERO DE CONTROL
campo de control CHAP
005 - FECHA Y HORA DE LA ÚLTIMA TRANSACCIÓN
campo de control 20220329140334.0
008 - DATOS DE LONGITUD FIJA--INFORMACIÓN GENERAL
campo de control de longitud fija 971013s1984 r 00010 d
010 ## - NÚMERO DE CONTROL DE LA BIBLIOTECA DEL CONGRESO
Número de control de LC 50640
011 ## - ENLACE DEL NUMERO DE CONTROL DE LA BIBLIOTECA DEL CONGRESO [OBSOLETO]
Número de control de LC 51612
035 ## - NÚMERO DE CONTROL DEL SISTEMA
Número de control de sistema 55762
040 ## - FUENTE DE LA CATALOGACIÓN
Centro/agencia transcriptor CHAP
090 ## - LOCALMENTE ASIGNADO TIPO-LC NÚMERO DE CLASIFICACIÓN (OCLC); NÚMERO DE CLASIFICACIÓN LOCAL (RLIN)
Número de clasificación (OCLC) (R) ; Numero de clasificación, CALL (RLIN) (NR) Folleto 11079
100 00 - ENTRADA PRINCIPAL--NOMBRE DE PERSONA
Nombre de persona Rodríguez Franco, Carlos.
9 (RLIN) 98486
245 ## - MENCIÓN DE TÍTULO
Título Comparación de cuatro modelos matemáticos que representan la relación diámetro tocón - diámetro normal para Pinus patula Schl. et. Cham., en San Cayetano, Edo. de México
260 ## - PUBLICACIÓN, DISTRIBUCIÓN, ETC.
Lugar de publicación, distribución, etc. México, D. F. :
Nombre del editor, distribuidor, etc. INIF,
Fecha de publicación, distribución, etc. 1984
300 ## - DESCRIPCIÓN FÍSICA
Extensión 34 p.
Otras características físicas : ilus. ; gráfs.
490 ## - MENCIÓN DE SERIE
Mención de serie Boletín técnico
Designación de volumen o secuencia ; 101
590 ## - NOTA LOCAL (RLIN)
Nota local BATCH-UPD
Procedencia (VM) [OBSOLETO] 10
Condición del los carretes individuales (VM) [OBSOLETO] 20130110
-- UCH01
-- 0734
590 ## - NOTA LOCAL (RLIN)
Nota local BATCH-UPD
Procedencia (VM) [OBSOLETO] 10
Condición del los carretes individuales (VM) [OBSOLETO] 20130110
-- UCH01
-- 2335
590 ## - NOTA LOCAL (RLIN)
Nota local BATCH-UPD
Procedencia (VM) [OBSOLETO] 10
Condición del los carretes individuales (VM) [OBSOLETO] 20130410
-- UCH01
-- 0417
590 ## - NOTA LOCAL (RLIN)
Nota local BATCH-UPD
Procedencia (VM) [OBSOLETO] 10
Condición del los carretes individuales (VM) [OBSOLETO] 20130914
-- UCH01
-- 0654
590 ## - NOTA LOCAL (RLIN)
Nota local CONVERSION
Procedencia (VM) [OBSOLETO] 10
Condición del los carretes individuales (VM) [OBSOLETO] 20130109
-- UCH01
-- 1327
650 14 - PUNTO DE ACCESO ADICIONAL DE MATERIA--TÉRMINO DE MATERIA
Término de materia o nombre geográfico como elemento de entrada Bosques
Subdivisión general Modelos matemáticos.
9 (RLIN) 14339
650 14 - PUNTO DE ACCESO ADICIONAL DE MATERIA--TÉRMINO DE MATERIA
Término de materia o nombre geográfico como elemento de entrada Modelos forestales.
9 (RLIN) 76418
650 14 - PUNTO DE ACCESO ADICIONAL DE MATERIA--TÉRMINO DE MATERIA
Término de materia o nombre geográfico como elemento de entrada Pinus patula.
9 (RLIN) 88356
700 0# - PUNTO DE ACCESO ADICIONAL--NOMBRE DE PERSONA
Nombre de persona Musálem Santiago, Miguel Angel.
9 (RLIN) 79897
700 0# - PUNTO DE ACCESO ADICIONAL--NOMBRE DE PERSONA
Nombre de persona Vera Castillo, Gil.
9 (RLIN) 118763
830 0# - PUNTO DE ACCESO ADICIONAL DE SERIE-TÍTULO UNIFORME
Título uniforme Boletín técnico
Designación de volumen o secuencia ; 101
9 (RLIN) 13560
901 ## - ELEMENTOS DE DATOS A LOCAL LDA (RLIN)
a BK
942 ## - ELEMENTOS DE PUNTO DE ACCESO ADICIONAL (KOHA)
Tipo de ítem Koha Folleto
949 ## - PROCESAMIENTO DE INFORMACIÓN LOCAL (OCLC)
a Folleto 11079
b BC
c FOLL
d -122186
e TS1
i 55762
s i
Holdings
Estado de retiro Estado de pérdida Fuente del sistema de clasificación o colocación Estado dañado Restricciones de uso No para préstamo Código de colección Localización permanente Ubicación/localización actual Ubicación en estantería Fecha de adquisición Información codificada de la localización en otra ubicación Total de préstamos Signatura topográfica completa Código de barras Fecha visto por última vez Precio válido a partir de Tipo de ítem Koha
    Clasificación Universidad Autónoma de Chapingo   Préstamo interno   Folletos Biblioteca Central Biblioteca Central Planta alta - Área de Tesis - Folletos 17/12/2012 FOLL   Folleto 11079 -122186 31/12/2019 17/12/2012 Folleto